| 000 | 00581cam a2200193ua 4500 | ||
|---|---|---|---|
| 003 | OSt | ||
| 008 | 221003b |||||||| |||| 00| 0 eng d | ||
| 020 | _a9788120330177 | ||
| 041 | _aeng | ||
| 082 |
_a631.8 _bHAV/SO |
||
| 100 |
_aHavlin, John L; . _95268 |
||
| 245 | _aSoil fertilty and fertilizers: An introduction to nutrient management / | ||
| 250 | _a7 | ||
| 260 |
_aSingapore : _aNew Delhi _bPearson Education Asia , _bPrentice Hall of India _c2003. _c2009 |
||
| 300 | _a ; . | ||
| 700 | 1 |
_aBeaton, James D; . _95269 |
|
| 700 | 1 |
_aTisdale, Samuel L . _95270 |
|
| 942 | _cBK | ||
| 999 |
_c12995 _d12995 |
||